MARC

LEADER 00000nlm0a2200000 4500
001 243159
005 20231226110017.0
035 |a (RuTPU)RU\TPU\book\264495 
090 |a 243159 
100 |a 20130919d2013 m y0rusy50 ca 
101 0 |a rus 
102 |a RU 
105 |a a j 001zy 
135 |a drcn ---uucaa 
181 0 |a i  
182 0 |a b 
200 1 |a Физические основы электроники  |e учебное пособие  |f А. В. Глазачев, В. П. Петрович  |g Национальный исследовательский Томский политехнический университет (ТПУ), Энергетический институт (ЭНИН), Кафедра электропривода и электрооборудования (ЭПЭО) 
203 |a Текст  |c электронный 
210 |a Томск  |c Изд-во ТПУ  |d 2013 
300 |a Заглавие с титульного экрана 
333 |a Режим доступа: из корпоративной сети ТПУ 
337 |a Adobe Reader 
606 1 |a Электроника  |x Физические основы  |2 stltpush  |3 (RuTPU)RU\TPU\subj\20314  |9 45423 
610 1 |a электронный ресурс 
610 1 |a учебные пособия 
610 1 |a труды учёных ТПУ 
610 1 |a полупроводниковые приборы 
610 1 |a физические процессы 
610 1 |a конструктивно-технологические особенности 
610 1 |a схемотехника 
610 1 |a усилительные каскады 
610 1 |a операционные усилители 
610 1 |a преобразовательные устройства 
675 |a 621.38:53(075.8)  |v 3 
700 1 |a Глазачев  |b А. В.  |c специалист в области электроники  |c доцент Томского политехнического университета, кандидат технических наук  |f 1974-  |g Александр Владимирович  |3 (RuTPU)RU\TPU\pers\26444  |9 12147 
701 1 |a Петрович  |b В. П.  |c специалист в области электротехники  |c доцент Томского политехнического университета, кандидат технических наук  |f 1940-  |g Виталий Петрович  |3 (RuTPU)RU\TPU\pers\29373  |9 13955 
712 0 2 |a Национальный исследовательский Томский политехнический университет (ТПУ)  |b Энергетический институт (ЭНИН)  |b Кафедра электропривода и электрооборудования (ЭПЭО)  |3 (RuTPU)RU\TPU\col\18674 
801 2 |a RU  |b 63413507  |c 20141010  |g RCR 
856 4 |u http://www.lib.tpu.ru/fulltext2/m/2013/m233.pdf 
942 |c CF